Kompetencie orgánov školskej samosprávy (1.) povinnosti riaditeľa školy vo vzťahu k rade školy

V príspevku sa venujeme kompetenciám a povinnostiam rady školy v rámci školskej samosprávy podľa zákona č. 596/2003 Z. z. o štátnej správe v školstve a školskej samospráve a o zmene a doplnení niektorých zákonov v znení neskorších predpisov. Popisujeme, aké sú kompetencie rady školy a k čomu sa môže...

Full description

Saved in:
Bibliographic Details
Main Author: Stanislavová, Mária
Format: Book Chapter
Language:Slovak
Subjects:
Tags: Add Tag
No Tags, Be the first to tag this record!

MARC

LEADER 00000naa a2200000 4500
001 0297479
005 20240417075256.3
041 0 |a slo 
044 |a SK 
245 1 0 |a Kompetencie orgánov školskej samosprávy (1.)  |b povinnosti riaditeľa školy vo vzťahu k rade školy  |c Mária Stanislavová 
520 |a V príspevku sa venujeme kompetenciám a povinnostiam rady školy v rámci školskej samosprávy podľa zákona č. 596/2003 Z. z. o štátnej správe v školstve a školskej samospráve a o zmene a doplnení niektorých zákonov v znení neskorších predpisov. Popisujeme, aké sú kompetencie rady školy a k čomu sa môže vyjadrovať v súvislosti s riadením školy a vzdelávacím procesom. 
610 2 0 |a školstvo 
610 2 0 |a samospráva 
610 2 0 |a vzdelávanie 
610 2 0 |a riadenie 
610 2 0 |a odbory učebné 
100 1 |a Stanislavová, Mária